00287pab a2200109 454500008003600000100003100036245004200067650000900109650001700118650002200135773002000157180718b xxu||||| |||| 00| 0 eng d aBabanari, Gholam Ali Nauri aNew Developments in international law a Law a Colonialism aInternational Law aIndia Quarterly